[Event "Kremnica op"]
[Site "Kremnica"]
[Date "2024.08.17"]
[Round "5"]
[White "Hutta, Marian"]
[Black "Drabek, Matej"]
[Result "1-0"]
[WhiteElo "1564"]
[BlackElo "1550"]
[PlyCount "58"]
[EventDate "2024.08.15"]
[EventType "swiss"]
[EventRounds "7"]
[EventCountry "SVK"]
[SourceTitle "CBM 221 Extra"]
[Source "ChessBase"]
[SourceDate "2024.09.30"]
[SourceVersion "1"]
[SourceVersionDate "2024.09.30"]
[SourceQuality "1"]

1. d4 d5 2. c4 c6 3. Nc3 Nf6 4. Nf3 Bf5 5. Bg5 e6 6. Qb3 b6 7. Ne5 Be7 8. e3 0-0 9. Be2 h6 10. Bh4 Ne4 11. Bxe7 Qxe7 12. Nxe4 Bxe4 13. 0-0 c5 14. f3 Bf5 15. cxd5 cxd4 16. e4 Bh7 17. Rfd1 f6 18. Nc6 Nxc6 19. dxc6 Qd6 20. Rac1 Rac8 21. Bc4 Kh8 22. Bxe6 Rxc6 23. Rxc6 Qxc6 24. Rxd4 Qc5 25. Qb4 Re8 26. Qxc5 bxc5 27. Rd6 Bg6 28. Rc6 Re7 29. Bd5 Rb7 1-0